Statistics for Every city in Buenos Aires, Argentina

Click here to take the quiz!

General Stats

  • This quiz has been taken 109 times
  • The average score is 63 of 818

Answer Stats

CityPopulation% Correct
La Plata195.443
89%
Mar del Plata593.337
89%
Buenos Aires3.075.646
84%
Bahía Blanca299.101
71%
Morón122.642
68%
Avellaneda24.314
63%
Tigre47.858
63%
Quilmes262.379
61%
San Isidro43.768
58%
Lanús215.952
55%
Moreno171.849
55%
Necochea73.557
55%
Pila2.502
53%
Pinamar25.397
53%
San Martín28.399
50%
Tandil115.877
50%
Berisso101.123
47%
Luján97.363
47%
Pergamino91.399
47%
Vicente López22.419
47%
Banfield66.644
45%
Berazategui180.523
45%
Ezeiza164.227
45%
Lomas de Zamora296.742
45%
San Justo138.629
45%
San Miguel 72.992
45%
San Pedro47.452
45%
Azul55.728
42%
Campana86.860
42%
Ensenada55.692
42%
Hurlingham60.275
42%
Junín87.509
42%
Ramos Mejía121.241
42%
Olavarría89.721
39%
Pilar81.120
39%
San Bernardo8.133 | 282
39%
San Fernando74.356
39%
Caseros95.785
37%
Ciudad Evita92.957
37%
Florencio Varela131.841
37%
Ituzaingó135.275
37%
Malvinas Argentinas22.132
37%
Olivos74.189
37%
Santa Teresita23.283
37%
Balcarce38.376
34%
Chivilcoy72.350
34%
Merlo268.961
34%
Miramar29.433
34%
San Clemente del Tuyú12.126
34%
Villa Gesell29.593
34%
Adrogué28.265
32%
Baradero28.357
32%
Carmen de Patagones18.799
32%
Chascomús33.607
32%
Colón40.002
32%
José C. Paz247.217
32%
San Nicolás de los Arroyos134.217
32%
Sarandí60.752
32%
Wilde65.881
32%
Zárate99.061
32%
Brandsen19.877
29%
General Rodríguez87.491
29%
Haedo37.745
29%
Marcos Paz50.460
29%
Mar de Ajó28.466
29%
Trenque Lauquen33.442
29%
Glew57.878
26%
González Catán238.067
26%
Gregorio de Laferrere248.362
26%
Maipú8.883
26%
Mar del Tuyú8.070
26%
Monte Grande207.843
26%
Monte Hermoso7.167
26%
San Antonio de Areco19.678
26%
Temperley72.537
26%
Bella Vista79.737
24%
Burzaco86.113
24%
Cañuelas29.974
24%
Carmen de Areco12.775
24%
Dolores25.940
24%
Don Torcuato71.356
24%
General Belgrano13.516
24%
Lincoln28.051
24%
Mar Chiquita487
24%
Martínez66.064
24%
Mercedes63.284
24%
San Vicente21.411
24%
Tres Arroyos46.867
24%
Ayacucho17.364
21%
Bragado33.222
21%
Canning14.323
21%
Chacabuco38.418
21%
City Bell35.415
21%
Ciudadela73.031
21%
General Guido1.291
21%
Gerli64.340
21%
Lezama4.111
21%
Magdalena20.493
21%
Mar de las Pampas1.797
21%
Pehuajó31.533
21%
Ramallo13.319
21%
Tornquist6.473
21%
Virrey del Pino180.526
21%
Alejandro Korn35.407
18%
Belén de Escobar54.637
18%
Benavídez49.178
18%
Carhué9.660
18%
Carlos Casares18.000
18%
Coronel Pringles23.570
18%
El Palomar59.031
18%
Guernica80.791
18%
La Lucila11.966
18%
Lima18.219
18%
Lobos44.567
18%
Nueve de Julio54.722
18%
Punta Alta58.315
18%
San Andrés9.750
18%
Santa Clara del Mar5.426
18%
Tolosa45.460
18%
Tristán Suárez27.486
18%
Villa Madero61.549
18%
25 de Mayo23.408
16%
Arrecifes24.336
16%
Bernal121.156
16%
Castelar107.786
16%
Castelli8.205
16%
Claypole41.176
16%
Florida76.183
16%
General Madariaga21.755
16%
Ingeniero Maschwitz14.778
16%
Isidro Casanova190.696
16%
Las Toninas5.278
16%
Libertad114.625
16%
Lobería13.005
16%
Munro35.595
16%
Plá192
16%
Plátanos15.953
16%
Rafael Castillo161.603
16%
Salliqueló7.617
16%
Tapalqué7.444
16%
Villa Bosch22.427
16%
Villa Lynch 3.987
16%
Beccar61.008
13%
Bosques62.257
13%
Cariló1.553
13%
Chapadmalal5.745
13%
Costa del Este654
13%
Daireaux12.122
13%
Del Viso27.494
13%
El Talar48.371
13%
Ezpeleta85.076
13%
General Las Heras11.331
13%
General Pacheco53.675
13%
Gonnet26.058 | 748
13%
Hudson52.647
13%
José León Suárez15.740
13%
Las Flores23.871
13%
Llavallol44.010
13%
Longchamps47.662
13%
Mar Azul2.089
13%
Pellegrini6.030
13%
Punta Lara8.410
13%
Ranelagh15.262
13%
Rauch13.613
13%
Rincón de Milberg25.115
13%
Ringuelet16.146
13%
Rojas19.766
13%
Sáenz Peña12.008
13%
Saladillo23.313
13%
Samborombón198
13%
San Andrés de Giles20.230
13%
San Cayetano7.354
13%
San José2.234 | 11.961 | 44.961
13%
San Miguel del Monte21.034
13%
Tortuguitas34.343
13%
Turdera9.269
13%
Victoria42.973
13%
Villa Adelina8.861 | 43.650
13%
Villa Ballester35.301
13%
Villa Domínico62.315
13%
Villa Fiorito48.266
13%
Villa Luzuriaga94.403
13%
Villa Ramallo11.280
13%
Villa Tesei63.164
13%
Acassuso11.005
11%
Atalaya720
11%
Boulogne Sur Mer75.158
11%
Camet8.458 | 150
11%
Campo de Mayo840
11%
Capilla del Señor9.244
11%
Capitán Sarmiento13.088
11%
Ciudad Jardín16.317
11%
Coronel Dorrego11.510
11%
General Alvear11.130
11%
General La Madrid8.073
11%
General Pinto6.557
11%
General Pirán2.934
11%
Ingeniero White10.486
11%
Las Armas365
11%
La Tablada101.457
11%
Los Hornos64.005
11%
Martín Coronado17.090
11%
Monte Chingolo87.091
11%
Navarro13.224
11%
Nordelta6.267
11%
Paso del Rey41.668
11%
Pigüé14.383
11%
Pontevedra57.526
11%
Quequén15.001
11%
Salto27.466
11%
San Antonio de Padua40.698
11%
San Carlos48.360
11%
Santa María1.832 | 113.302
11%
Valentín Alsina42.698
11%
Valeria del Mar3.156
11%
Villa Elisa24.143
11%
Villa Rosa32.845
11%
Villa Sarmiento17.481
11%
Abasto13.532
8%
Aguas Verdes327
8%
Alberti8.260
8%
Aldo Bonzi18.175
8%
Benito Juárez14.279
8%
Carlos Tejedor5.178
8%
Coronel Suárez37.776
8%
Coronel Vidal6.611
8%
Dock Sud35.897
8%
El Pato6.854
8%
General Lavalle5.680
8%
General Villegas18.275
8%
Grand Bourg80.328
8%
Guaminí2.704
8%
Ingeniero Budge185.428
8%
La Reja47.839
8%
Loma Hermosa17.960
8%
Lomas del Mirador68.559
8%
Los Polvorines63.080
8%
Luis Guillón38.068
8%
Mar de Cobo519
8%
Mariano Acosta65.881
8%
Matheu19.964
8%
Médanos5.245
8%
Muñiz26.827
8%
Pablo Podestá15.258
8%
Pedro Luro8.047
8%
Presidente Derqui51.757
8%
Puan4.473
8%
Rafael Calzada56.419
8%
Remedios de Escalada13.961 | 79.798
8%
Roque Pérez10.358
8%
San Agustín498
8%
Sevigne286
8%
Sierra de la Ventana2.165
8%
Solano28.344 | 60.899
8%
Suipacha8.403
8%
Tres Lomas11.126
8%
Trujui105.546
8%
Verónica6.546
8%
Villa Maipú24.447
8%
Villa Raffo7.297
8%
20 de Junio1.597
5%
9 de Abril40.609
5%
Álvarez Jonte38
5%
América12.226
5%
Arana268
5%
Billinghurst19.138
5%
Claromecó2.140
5%
Cuartel V48.511
5%
Don Bosco20.701
5%
El Jagüel48.781
5%
Francisco Álvarez34.076
5%
Garín99.293
5%
General Mansilla2.022
5%
José Ingenieros8.208
5%
La Lonja13.913
5%
Laprida8.840
5%
Leandro N. Alem2.468
5%
Manzanares4.838
5%
Nueva Atlantis620
5%
Open Door5.014
5%
Orense2.063
5%
Ostende6.073
5%
Parque San Martín115.183
5%
Pereyra1.147
5%
Pipinas954
5%
Ranchos11.202
5%
Rawson2.123
5%
Reta495
5%
Río Tala1.814
5%
Saavedra2.276
5%
San Carlos de Bolívar37.190
5%
San Jorge248
5%
Santos Lugares16.856
5%
Tapiales11.964
5%
Tomás Jofré191
5%
Troncos del Talar32.457
5%
Uribelarrea1.282
5%
Villa Centenario41.264
5%
Villa Elvira55.132
5%
Villa Epecuén1
5%
Villa España13.505
5%
Villa Marteli22.612
5%
Villanueva572
5%
Villa Nueva1.585
5%
Virreyes42.955
5%
Vivoratá956
5%
William C. Morris48.916
5%
Zelaya5.706
5%
Abbott603
3%
Adela80
3%
Alejandro Petión2.759
3%
Arenas Verdes12
3%
Azcuénaga312
3%
Bahía San Blas1.100
3%
Beruti1.098
3%
Carapachay14.085
3%
Carlos Spegazzini35.000
3%
Ciudad Celina78.699
3%
Comodoro Py634
3%
Conesa2.066
3%
Costa Azul1.097
3%
Costa Chica192
3%
Del Carril1.228
3%
Del Valle899
3%
Dique Luján5.650
3%
Domselaar5.813
3%
El Peligro4.029
3%
Escalada213
3%
Ferré2.004
3%
Florentino Ameghino7.225
3%
Franklin81
3%
General Arenales4.321
3%
Gobernador Castro2.607
3%
Gobernador Costa49.151
3%
Gorina7.175
3%
Gowland1.601
3%
Henderson9.585
3%
Ignacio Correa138
3%
Ingeniero Allan26.336
3%
Irene 13
3%
Ireneo Portela379
3%
José Hernández7.632
3%
José Marmol40.612
3%
La Emilia5.325
3%
Las Marianas485
3%
La Unión24.293
3%
La Violeta1.041
3%
Lomas de Copello216
3%
Loma Verde3.205 | 596
3%
López138
3%
Los Ángeles54
3%
Los Cardales7.705
3%
Los Naranjos86
3%
Los Pinos337
3%
Los Talas494
3%
Los Toldos13.462
3%
Manuel Alberti48.206
3%
Mariano H. Alfonso993
3%
Ministro Rivadavia16.740
3%
Moquehuá2.130
3%
Napaleofú374
3%
Obligado261
3%
Olmos14.510
3%
Oriente1.778
3%
Otamendi6.623
3%
Pablo Nogués42.475
3%
Pehuén-Có681
3%
Pérez Millán4.510
3%
Porvenir156
3%
Punta del Indio569
3%
Ricardo Rojas24.051
3%
Romero32.033
3%
Roosevelt238
3%
Saldungaray1.351
3%
San Francisco de Bellocq523
3%
San Sebastián166
3%
Santa Anita225
3%
Santa Lucía2.360
3%
Sourigues11.959
3%
Stroeder1.998
3%
Triunvirato91
3%
Vedia8.827
3%
Vicente Casares784
3%
Vieytes287
3%
Villa Argüello5.662
3%
Villa Cacique2.689
3%
Villa del Mar327
3%
Villa de Mayo37.269
3%
Villa Espora1.604
3%
Villa Lía1.623
3%
Villalonga4.517
3%
Villa Moll592
3%
Villa Progreso7.870
3%
Villa San Luis9.263
3%
Villa Ventana609
3%
11 de Septiembre5.089
0%
12 de Octubre219
0%
16 de Julio111
0%
30 de Agosto4.777
0%
Acevedo1.499
0%
Agote1.738
0%
Agustina155
0%
Agustín Mosconi280
0%
Agustín Roca1.808
0%
Alfredo Demarchi1.853
0%
Altamirano215
0%
Alto Los Cardales2.363
0%
Altos de San Lorenzo30.192
0%
Álvarez de Toledo232
0%
Andant40
0%
Antonio Carboni295
0%
Aparicio100
0%
Arboledas599
0%
Arenaza1.311
0%
Argerich102
0%
Ariel16
0%
Arribeños3.310
0%
Arroyo Corto514
0%
Arroyo de la Cruz1.600
0%
Arroyo Dulce1.715
0%
Arroyo Venado66
0%
Arturo Seguí8.361
0%
Ascensión3.779
0%
Atlántida586
0%
Baigorrita1.862
0%
Bajo Hondo164
0%
Balneario Marisol158
0%
Balneario Orense77
0%
Balneario San Cayetano28
0%
Banco Provincia1.867
0%
Banderaló1.339
0%
Barker1.241
0%
Barrio El Carmen5.906 | 12.800
0%
Barrio Gambier7.477
0%
Barrio Las Malvinas11.414
0%
Barrio Las Quintas8.004
0%
Barrio Río Salado60
0%
Barrio Santa Paula644
0%
Barrio Universitario1.032
0%
Barrow38
0%
Batán10.152
0%
Bayauca591
0%
Belocq542
0%
Benítez68
0%
Berdier177
0%
Blancagrande65
0%
Blaquier676
0%
Bocayuva83
0%
Cabildo2.125
0%
Cacharí2.960
0%
Cadret214
0%
Campos Salles1.093
0%
Cañada Seca718
0%
Capitán Castro49
0%
Cardenal Cagliero89
0%
Carlos Beguerrie399
0%
Carlos Keen557
0%
Carlos María Naón497
0%
Carlos Salas261
0%
Casalins66
0%
Casbas4.450
0%
Cascadas11
0%
Castilla689
0%
Cazón240
0%
Centinela del Mar1
0%
Centro Guerrero114
0%
Cerro de la Gloria107
0%
Chacras de San Clemente762
0%
Chasicó209
0%
Chiclana92
0%
Chillar3.083
0%
Churruca4.099
0%
Claraz639
0%
Colinas Verdes115
0%
Colonia Alberdi318
0%
Colonia Hinojo953
0%
Colonia Mauricio8
0%
Colonia Nievas10
0%
Colonia San Adolfo109
0%
Colonia San Martín92
0%
Colonia San Miguel902
0%
Colonia San Ricardo811
0%
Colonia Seré726
0%
Copetonas1.017
0%
Coronel Boerr15
0%
Coronel Charlone1.348
0%
Coronel Martínez de Hoz941
0%
Coronel Seguí146
0%
Cortínez1.305
0%
Covello97
0%
Crotto247
0%
Crucecita21.836
0%
Cucullú551
0%
Cura Malal95
0%
Curarú422
0%
Darregueira10.100
0%
De Bary63
0%
De la Canal57
0%
De la Garma1.801
0%
Delfín Huergo14
0%
Desvío Aguirre52
0%
Diego Gaynor405
0%
Dique N° 15.784
0%
D'Orbigny20
0%
Doyle528
0%
Dudignac2.670
0%
Dufaur182
0%
Dugan1.114
0%
Eduardo O'Brien2.488
0%
Egaña44
0%
El Arbolito251
0%
El Boquerón509
0%
El Casal218
0%
El Coyunco356
0%
El Divisorio22
0%
El Dorado318
0%
El Libertador15.782
0%
El Marquesado196
0%
El Paraíso423
0%
El Pensamiento26
0%
El Perdido919
0%
El Retiro12.649
0%
El Rodeo262
0%
El Taladro155
0%
El Triángulo2.754
0%
El Trigo43
0%
El Triunfo1.543
0%
Elvira133
0%
Emilio Ayarza87
0%
Emilio V. Bunge1.986
0%
Erézcano434
0%
Ernestina145
0%
Espartillar806
0%
Espigas492
0%
Estación Arenales90
0%
Estanislao Severo Zeballos20.967
0%
Esteban A. Gascón104
0%
Etcheverry3.023
0%
Eufemio Uballes84
0%
Faro20
0%
Fátima7.437
0%
Fontezuela365
0%
Fortín Hacha103
0%
Fortín Olavarría1.381
0%
Fortín Tiburcio257
0%
Francisco Madero1.389
0%
Frapal6
0%
Frente Mar77
0%
Gahan648
0%
Gardey532
0%
Garré1.526
0%
General Conesa1.302
0%
General Daniel Cerri8.716
0%
General Hornos194
0%
General Rivas478
0%
General Rojo2.464
0%
Germania1.397
0%
Girodias161
0%
Gobernador Andonaegui198
0%
Gobernador Udaondo330
0%
Gobernador Ugarte547
0%
Goldney85
0%
Gómez362
0%
Gonzales Chaves8.613
0%
González Moreno1.867
0%
Gorchs338
0%
Gorosteaga324
0%
Gouin122
0%
Goyena516
0%
Grünbein3.194
0%
Guerrico774
0%
Hale311
0%
Henry Bell2
0%
Herrera Vegas115
0%
Hilario Ascasubi3.249
0%
Hinojo3.915
0%
Hortensia224
0%
Huanguelén5.026
0%
Indio Rico1.165
0%
Inés Indart911
0%
Ingeniero Thompson150
0%
Irala400
0%
Isla Santiago Oeste237
0%
Jáuregui8.705
0%
Jeppener2.496
0%
José B. Casas40
0%
José Juan Almeyra207
0%
José María Gutiérrez13.206
0%
Juan A. de la Peña431
0%
Juan Anchorena976
0%
Juan A. Pradere521
0%
Juan Bautista Alberdi3.404
0%
Juan Cousté1.743
0%
Juan Eulogio Barra252
0%
Juan F. Ibarra33
0%
Juan José Blaquier12
0%
Juan José Paso2.176
0%
Juan N. Fernández2.721
0%
La Angelita265
0%
La Arboleda1.971
0%
La Armonía172
0%
La Aurora531
0%
La Baliza108
0%
Labardén799
0%
La Beba37
0%
La Caleta133
0%
La Capilla1.417
0%
La Carreta45
0%
La Choza41
0%
La Colina663
0%
La Constancia55
0%
La Cumbre7.313
0%
La Delfina35
0%
La Dulce2.131
0%
La Gloria de la Peregrina415
0%
Lagomarsino16.731
0%
Laguna Alsina2.524
0%
Laguna de Gómez230
0%
La Invencible77
0%
La Larga85
0%
La Limpia38
0%
La Luisa230
0%
La Manuela51
0%
La Pala27
0%
Laplacette22
0%
La Rica118
0%
Lartigau32
0%
Las Acacias229
0%
Las Carabelas1.107
0%
Las Gaviotas659
0%
Las Martinetas215
0%
La Sofía12
0%
Las Toscas470
0%
La Trinidad308
0%
Lezica y Torrezuri1.067
0%
Líbano292
0%
Licenciado Matienzo76
0%
Lin Calel69
0%
Loma Negra3.367
0%
Lomas del Río Luján261
0%
Los Indios66
0%
Lucas Monteverde63
0%
Lucila del Mar1.022
0%
Luro10
0%
Magdala195
0%
Manuel Ocampo1.078
0%
Maquinista F. Savio41.092
0%
Marcelino Ugarte76
0%
Mar del Sud503
0%
María Ignacia1.948
0%
Mariano Benítez168
0%
Mariano Unzué28
0%
Martín Colman27
0%
Massey63
0%
Mauricio Hirsch76
0%
Máximo Fernández4
0%
Máximo Paz10.990
0%
Mayor Buratovich5.372
0%
Mechita1.826
0%
Mechongué1.307
0%
Micaela Cascallares567
0%
Miranda80
0%
Mira Pampa40
0%
Moctezuma471
0%
Mones Cazón1.764
0%
Morea347
0%
Morse2.000
0%
Norberto de La Riestra4.524
0%
Norumbega57
0%
Nueva Plata206
0%
Ochandía51
0%
O'Higgins1.206
0%
Olascoaga127
0%
Oliden183
0%
Olivera1.926
0%
Ordoqui174
0%
Parada Orlando1.207
0%
Parada Robles1.621
0%
Paraje Pavón942
0%
Pardo159
0%
Pasman223
0%
Pasteur1.962
0%
Patricios745
0%
Paula40
0%
Pavón8.008
0%
Pearson257
0%
Pedernales1.432
0%
Pichincha18
0%
Piedritas2.160
0%
Pieres36
0%
Piñeyro26.979
0%
Pinzón393
0%
Pirovano1.551
0%
Playa Dorada165
0%
Plomer 198
0%
Polvaredas413
0%
Pontaut68
0%
Pueblo Nuevo36
0%
Punta Mogotes17.076
0%
Punta Piedras12
0%
Quenumá683
0%
Rafael Obligado901
0%
Ramón Biaus179
0%
Ramos Otero95
0%
Rangacua695
0%
Recalde385
0%
Rivera6.441
0%
Roberto Cano23
0%
Roberto J. Pairó65
0%
Roberts5.049
0%
Román Báez63
0%
Ruta Sol925
0%
Saforcada431
0%
Salazar1.924
0%
Salvador María830
0%
San Eduardo del Mar200
0%
San Emilio209
0%
San Enrique279
0%
San Manuel1.126
0%
San Mauricio28
0%
San Mayol63
0%
San Miguel Arcángel774
0%
San Román38
0%
Sansinena632
0%
Santa Coloma203
0%
Santa Elena559
0%
Santa Eleodora293
0%
Santa Luisa40
0%
Santa Regina554
0%
Santa Rosa 3.771 | 190
0%
Santa Trinidad1.474
0%
Santo Domingo95
0%
Sarasa71
0%
Sierra Chica4.812
0%
Sierra de los Padres4.249
0%
Sierras Bayas6.856
0%
Smith465
0%
Solanet52
0%
Sol de Mayo20
0%
Solís1.001
0%
Sourdeaux29.028
0%
Sundblad96
0%
Tamangueyú438
0%
Tedín Uriburu157
0%
Teniente Origone145
0%
Tierras Altas28.080
0%
Timote526
0%
Todd726
0%
Torres2.664
0%
Transradio3.713
0%
Tres Algarrobos3.201
0%
Tres Picos98
0%
Tres Sargentos391
0%
Udaquiola66
0%
Urdampilleta3.643
0%
Valdés579
0%
Vázquez35
0%
Velloso127
0%
Villa Alsina1.488
0%
Villa Angélica1.144
0%
Villa Arcadia 434
0%
Villa Ayacucho3.834
0%
Villa Bordeu982
0%
Villa Brown5.643
0%
Villa Catella5.959
0%
Villa Chacabuco5.040
0%
Villa Dolores6.535
0%
Villa Espil157
0%
Villa Francia1.176
0%
Villa Garibaldi242
0%
Villa General Arias1.845
0%
Villa General Fournier566
0%
Villa General Savio1.511
0%
Villa Grisolía112
0%
Villa Hermosa233
0%
Villa Independencia6.472
0%
Villa La Florida35.684
0%
Villa Laguna Brava115
0%
Villa La Serranía167
0%
Villa Loguercio428
0%
Villa Lynch Pueyrredón62
0%
Villa María24
0%
Villa Maza1.748
0%
Villa Montoro13.835
0%
Villa Ortiz815
0%
Villa Parque Cecir33
0%
Villa Parque Girado90
0%
Villa Parque Sicardi1.228
0%
Villa Roch61
0%
Villa Roth38
0%
Villars 1.147
0%
Villa Ruiz470
0%
Villa Saboya331
0%
Villa San José145
0%
Villa Santa Rosa21.821
0%
Villa Sauze423
0%
Villa Serrana de la Gruta41
0%
Villa Udaondo31.490
0%
Villa Vatteone35.985
0%
Villa Zula5.124
0%
Viña483
0%
Warnes437
0%
Yutuyaco16
0%
Zapiola306
0%
Zavalía324
0%
Zenón Videla Dorna76
0%

Score Distribution

Percentile by Number Answered

Percent of People with Each Score

Your Score History

You have not taken this quiz